Busiest New Zealand Airports - Statistics

General Stats
  • This quiz has been taken 243 times
  • The average score is 7 of 10
Answer Stats
Number Passengers per year Airport % Correct
1 15,892,741 Auckland
100%
3 5,457,279 Wellington
98%
2 5,915,785 Christchurch
97%
5 861,982 Dunedin
85%
4 1,409,663 Queenstown
72%
10 291,000 Hamilton
67%
6 764,050 Nelson
60%
7 476,000 Hawke's Bay
59%
8 466,557 Palmerston North
51%
9 342,000 New Plymouth
48%
No matching quizzes found
Score Distribution
Percent of People with Each Score
Percentile by Number Answered
Your Score History
You have not taken this quiz